Movies Quiz

Random Movies or Actor Quiz
Score 0/12 Timer 05:00
0 Plays Today
Blurb One Movie % Correct
''One of the wimpiest wartime romances ever filmed.''
(USA Today)
Pearl Harbor (2001)
81%
''A series of bad scenes connected by empty characters, most of whom seem like leftovers from scripts abandoned long ago.''
(Detroit News)
Daredevil (2003)
66.8%
''Nearly as unwatchable as it is unpronounceable.''
(LA Times)
Gigli (2003)
63.5%
''Like reliving your 20s, without any of the fun.''
(Time)
He's Just Not That Into You (2009)
55%
''Affleck is out-acted by everyone else in the cast, including the infant who plays his daughter.''
(Northwest Herald)
Jersey Girl (2004)
49.8%
''You've seen Roadrunner cartoons with more suspense than this entirely predictable hash.''
(Austin Chronicle)
Paycheck (2003)
26.7%
'Ben Affleck is cast as the male ingenue who is supposed to deliver diffident humor. It's sad to see a talented actor asked to play cute.'
(Bob Graham)
Armageddon (1998)
22.5%
''The cinematic equivalent of Styrofoam: a weightless romantic comedy of synthetic feelings.''
(Rolling Stone)
Forces of Nature (1999)
21.9%
''About as moving as a month-old Kleenex.''
(LA Times)
Bounce (2000)
19.5%
''After a while, you stop paying attention and start wondering just how big an idiot the filmmakers mistook you for.''
(LA Daily News)
Reindeer Games (2000)
18.9%
''A gruesome Cannonball Run with Piven flesh as the trophy.''
(Slate)
Smokin' Aces (2007)
15.5%
''All that's vaguely funny or Christmassy about this are the sweaty beads of desperation which string together like fairy-lights across Affleck's forehead.''
(BBC)
Surviving Christmas (2004)
15.2%

You're not logged in!

Compare scores with friends on all Sporcle quizzes.
OR
Log In

Sporcle TV

Today on Sporcle TV


Watch our educational content, quiz creation guides, and fun videos on Sporcle TV.

Show Comments

Extras

Top Quizzes Today


Score Distribution

Paid Content

Your Account Isn't Verified!

In order to create a playlist on Sporcle, you need to verify the email address you used during registration. Go to your Sporcle Settings to finish the process.

Report this User

Report this user for behavior that violates our Community Guidelines.

Details: